[Event "Challenge"]
[Site "http://www.queenalice.com/game.php?id=93302"]
[Date "2006.8.6"]
[Round "-"]
[White "pizarro"]
[Black "dropdead"]
[Result "1-0"]
[WhiteElo "1379"]
[BlackElo "1473"]

1. e4 e6 2. d4 c5 3. Nf3 Qa5+ 4. c3 Qd8 5. Bb5 a6 6. Ba4 b5 7. Bxb5 axb5 8. dxc5
Nc6 9. O-O Nf6 10. Re1 Bxc5 11. Qd3 Qc7 12. Bg5 Ng4 13. Qxb5 f6 14. Bh4 Ra5 15.
Qc4 g5 16. Bg3 Ba6 17. Qxc5 Rxc5 18. Bxc7 e5 19. h3 Nh6 20. b4 Rb5 21. a4 Rb7
22. Bd6 g4 23. b5 Rb6 24. hxg4 Bb7 25. bxc6 Rxc6 26. Rd1 Nf7 27. Bb4 Rc4 28.
Nbd2 d5 29. Nxc4 dxc4 30. a5 Bxe4 31. a6 Bc6 32. a7 Nd8 33. Rd6 Bb7 34. a8=Q
Bxa8 35. Rxa8 Kf7 36. Raxd8 Rxd8 37. Rxd8 Ke6 38. Rd6+ Kf7 39. Rc6 e4 40. Nd4
1-0

[Event "Challenge"]
[Site "http://www.queenalice.com/game.php?id=93499"]
[Date "2006.8.7"]
[Round "-"]
[White "Jorge"]
[Black "pizarro"]
[Result "0-1"]
[WhiteElo "1342"]
[BlackElo "1427"]

1. e4 e5 2. f3 Nc6 3. c3 Nf6 4. g4 d5 5. Bb5 Bc5 6. d4 exd4 7. cxd4 dxe4 8. dxc5
Qxd1+ 9. Kxd1 e3 10. Bxe3 O-O 11. a3 Na5 12. Nd2 c6 13. Bd3 Re8 14. Nh3 Rxe3 15.
Re1 Rxd3 16. Nf4 Rd4 17. Ne2 Rd5 18. Rc1 Nb3 19. Rc2 Rxd2+ 20. Rxd2 Nxd2 21.
Kxd2 Be6 22. Nd4 Rd8 23. Rd1 Rxd4+ 24. Kc2 Rxd1 25. Kxd1 a5 26. g5 Nd7 27. b4
axb4 28. axb4 Ne5 29. f4 Nd3 30. h4 Nxf4 31. Kc2 Ng6 32. h5 Ne7 0-1

[Event "5"]
[Site "http://www.queenalice.com/game.php?id=93515"]
[Date "2006.8.7"]
[Round "-"]
[White "pizarro"]
[Black "Uchoas"]
[Result "0-1"]
[WhiteElo "1425"]
[BlackElo "1457"]

1. e4 e5 2. Nf3 d6 3. Bb5+ c6 4. Ba4 f5 5. d3 Qa5+ 6. Nc3 Nf6 7. O-O fxe4 8. Ng5
d5 9. d4 exd4 10. Qxd4 Qb4 11. Qe5+ Qe7 12. Bf4 Qxe5 13. Bxe5 Bd7 14. Rad1 Be7
15. Rfe1 Bg4 16. Rd4 O-O 17. f3 Nbd7 18. fxe4 Nxe5 19. exd5 Bc5 20. Ne6 Bxe6 21.
dxe6 Bxd4+ 22. Kf1 Nfg4+ 23. Ke2 Rf2+ 0-1

[Event "Challenge"]
[Site "http://www.queenalice.com/game.php?id=94061"]
[Date "2006.8.9"]
[Round "-"]
[White "pizarro"]
[Black "glauco_marcal"]
[Result "1-0"]
[WhiteElo "1381"]
[BlackElo "1310"]

1. e4 Nc6 2. Nc3 e5 3. Nf3 Qe7 4. Bb5 Nf6 5. O-O Nb4 6. a3 Nc6 7. Re1 Na5 8. d4
exd4 9. Qxd4 Ng4 10. Nd5 Qe6 11. Nxc7+ Kd8 12. Nxe6+ fxe6 13. Bg5+ Be7 14. Qxg7
Re8 15. Rad1 a6 16. Ba4 b5 17. Bb3 Ra7 18. a4 Bxg5 19. Qxg5+ Re7 20. Qxg4 h5 21.
Qxh5 Bb7 22. Qe5 Bc6 23. Qb8# 1-0

[Event "Challenge"]
[Site "http://www.queenalice.com/game.php?id=94129"]
[Date "2006.8.9"]
[Round "-"]
[White "pizarro"]
[Black "moacirsr"]
[Result "0-1"]
[WhiteElo "1449"]
[BlackElo "1480"]

1. e4 e5 2. Nf3 d6 3. c3 Bd7 4. Bc4 Nf6 5. Ng5 Be6 6. Bb5+ c6 7. Ba4 h6 8. Nxe6
fxe6 9. O-O d5 10. d4 Nxe4 11. Qh5+ g6 12. Qxg6+ Kd7 13. dxe5 Bc5 14. Be3 Rg8
15. Qh7+ Kc8 16. Qxh6 Rh8 17. Qxe6+ Nd7 18. Bxc5 Qh4 19. Qh3 Qxh3 20. gxh3 Rg8+
21. Kh1 Nexc5 22. Re1 Ne4 23. Rg1 Nxf2# 0-1

[Event "Challenge"]
[Site "http://www.queenalice.com/game.php?id=94743"]
[Date "2006.8.11"]
[Round "-"]
[White "pizarro"]
[Black "MCMLXXXI"]
[Result "0-1"]
[WhiteElo "1407"]
[BlackElo "1591"]

1. e4 c5 2. Nf3 Nc6 3. Bb5 Qa5 4. Bxc6 bxc6 5. O-O e6 6. c4 g6 7. d4 Bg7 8. Be3
cxd4 9. Bxd4 Nf6 10. Re1 O-O 11. a3 Qh5 12. Qa4 c5 13. e5 Ng4 14. Bxc5 Re8 15.
Bxa7 Bb7 16. Kf1 Nxh2+ 17. Nxh2 Qxh2 18. Qxd7 Qxg2+ 19. Ke2 Bf3+ 20. Ke3 Bh6+
21. Kd3 Red8 22. Qxd8+ Rxd8+ 23. Kc2 Be4+ 24. Kb3 Rd7 25. Bb6 Rb7 26. c5 Qf3+
27. Nc3 Bd5+ 28. Kb4 Qxf2 29. Re2 Qh4+ 30. Kb5 Qc4+ 31. Ka5 Rb8 32. Ba7 Ra8 33.
Kb6 Qb3+ 34. Nb5 Bc4 35. Rh2 Qxb5+ 36. Kc7 Rxa7+ 37. Kd6 Rd7# 0-1

[Event "Dani"]
[Site "http://www.queenalice.com/game.php?id=113041"]
[Date "2006.10.4"]
[Round "-"]
[White "dany"]
[Black "pizarro"]
[Result "0-1"]
[WhiteElo "1154"]
[BlackElo "1399"]

1. e4 e5 2. Nf3 Nc6 3. Bc4 Nf6 4. d3 Bb4+ 5. c3 Ba5 6. O-O O-O 7. Re1 Re8 8. b4
Bb6 9. b5 Ng4 10. h3 Bxf2+ 11. Kh1 Bxe1 12. Nxe1 Nf2+ 13. Kg1 Nxd1 14. bxc6 bxc6
15. Nf3 d5 16. exd5 cxd5 17. Bb5 Bd7 18. Na3 Nxc3 19. Bg5 f6 20. Bh4 Bxb5 21.
Rb1 Nxb1 22. Nxb1 Bxd3 23. Nc3 c6 24. Ne1 Qb6+ 25. Kh1 Qe3 26. Nd1 Qd2 0-1

[Event "Challenge"]
[Site "http://www.queenalice.com/game.php?id=118724"]
[Date "2006.10.19"]
[Round "-"]
[White "Gota"]
[Black "pizarro"]
[Result "0-1"]
[WhiteElo "1048"]
[BlackElo "1401"]

1. e4 e5 2. g3 Nf6 3. Qe2 d5 4. Bg2 c6 5. d4 Bd6 6. Bg5 O-O 7. Nc3 Na6 8. Bxf6
Qxf6 9. O-O-O Nb4 10. exd5 cxd5 11. Nxd5 Qe6 12. Nxb4 Bxb4 13. Be4 Qxa2 14. Qh5
Qa1# 0-1

[Event "Challenge"]
[Site "http://www.queenalice.com/game.php?id=118725"]
[Date "2006.10.19"]
[Round "-"]
[White "MadScot"]
[Black "pizarro"]
[Result "1-0"]
[WhiteElo "1629"]
[BlackElo "1403"]

1. e4 e5 2. Nf3 Nf6 3. Nc3 Bb4 4. Nxe5 O-O 5. a3 Ba5 6. b4 d6 7. Nc4 Bb6 8. Nxb6
axb6 9. d4 Re8 10. Bd3 d5 11. e5 c6 12. O-O b5 13. exf6 Qxf6 14. Re1 Bd7 15.
Rxe8+ Bxe8 16. Qh5 h6 17. Be3 Na6 18. Re1 Bd7 19. Ne2 Re8 20. g4 g5 21. Ng3 Nc7
22. Nf5 Bxf5 23. Bxf5 b6 24. Kf1 Ra8 25. Bc1 Qxd4 26. Qxh6 Qg7 27. Qxc6 f6 28.
Bb2 Rb8 29. Bxf6 Qf7 30. Bxg5 d4 31. Re7 Qc4+ 32. Qxc4+ bxc4 33. Rxc7 c3 34.
Rc8+ Rxc8 35. Bxc8 d3 36. cxd3 Kg7 37. Bc1 Kf6 38. Ke2 Ke5 39. Ke3 Kf6 40. d4
Ke7 41. Bf5 b5 42. Kd3 c2 43. Kxc2 Kd6 44. Kd3 Kc6 45. h4 1-0

[Event "Let's Play Chess!"]
[Site "http://www.queenalice.com/game.php?id=141432"]
[Date "2006.12.14"]
[Round "-"]
[White "Roswell"]
[Black "pizarro"]
[Result "1-0"]
[WhiteElo "1730"]
[BlackElo "1419"]

1. e4 e5 2. Nf3 Nc6 3. Bc4 Nh6 4. d4 d6 5. h3 g5 6. Bxg5 f6 7. Bxh6 Bxh6 8. d5
Na5 9. Bb5+ c6 10. dxc6 bxc6 11. Ba4 Bb7 12. Nh4 Qb6 13. Bb3 Bg5 14. Qh5+ Ke7
15. Nf5+ 1-0

[Event "Challenge"]
[Site "http://www.queenalice.com/game.php?id=141441"]
[Date "2006.12.14"]
[Round "-"]
[White "vallef"]
[Black "pizarro"]
[Result "1-0"]
[WhiteElo "1541"]
[BlackElo "1419"]

1. e4 e5 2. Nf3 Nc6 3. Bc4 Nh6 4. d4 d6 5. Bxh6 gxh6 6. Bb5 Bg7 7. O-O a6 8.
Bxc6+ bxc6 9. dxe5 d5 10. c3 Bb7 11. Qa4 O-O 12. Nbd2 Re8 13. exd5 Qxd5 14. c4
Qd3 15. Rad1 c5 16. Nb3 1-0

[Event "Challenge"]
[Site "http://www.queenalice.com/game.php?id=187293"]
[Date "2007.3.24"]
[Round "-"]
[White "holandes"]
[Black "pizarro"]
[Result "1-0"]
[WhiteElo "1601"]
[BlackElo "1421"]

1. e4 e5 2. c3 Nf6 3. d3 Nc6 4. Be3 d5 5. Nd2 a6 6. a3 b5 7. Be2 Be7 8. Ngf3 h6
9. Qc2 Be6 10. b3 a5 11. O-O Qd6 12. h3 d4 13. cxd4 exd4 14. e5 Qc5 15. Qxc5
Bxc5 16. Rfc1 Nd7 17. Bf4 O-O 18. Ne4 Rae8 19. Nxc5 1-0